Bài giảng công nghệ sinh học
Saved in:
| Main Author: | |
|---|---|
| Format: | Book |
| Language: | Undetermined |
| Published: |
Cần Thơ
Trường Đại Học Cần Thơ - Viện Nghiên Cứu và Phát Triển Công Nghệ Sinh Họcc
1999
|
| Subjects: | |
| Tags: |
Add Tag
No Tags, Be the first to tag this record!
|
| Institutions: | Trung tâm Học liệu Trường Đại học Cần Thơ |
|---|
| LEADER | 00668nam a2200193Ia 4500 | ||
|---|---|---|---|
| 001 | CTU_34868 | ||
| 008 | 210402s9999 xx 000 0 und d | ||
| 020 | |b 11.600đ | ||
| 082 | |a 660.607 | ||
| 082 | |b B100gt | ||
| 100 | |a Nguyễn Văn Bá | ||
| 245 | 0 | |a Bài giảng công nghệ sinh học | |
| 245 | 0 | |c Nguyễn Văn Bá, Trần Phước Đường | |
| 260 | |a Cần Thơ | ||
| 260 | |b Trường Đại Học Cần Thơ - Viện Nghiên Cứu và Phát Triển Công Nghệ Sinh Họcc | ||
| 260 | |c 1999 | ||
| 650 | |a biotechnology | ||
| 904 | |i Minh, 000112 | ||
| 980 | |a Trung tâm Học liệu Trường Đại học Cần Thơ | ||